[Event "Summer Cup"]
[Site "Wellington Chess Club"]
[Date "2023.03.30"]
[Round "7.4"]
[White "Cilia Vincenti, David"]
[Black "Perrin, Brent"]
[Result "1-0"]
[WhiteElo "2136"]
[BlackElo "1960"]

1. d4 e6 2. c4 f5 3. Nc3 Nf6 4. a3 Be7 5. Bf4 O-O 6. e3 d6 7. Bg3 Nc6 8. b4 Ne4
9. Nxe4 fxe4 10. Ne2 Bf6 11. Nc3 e5 12. d5 Ne7 13. Nxe4 Nf5 14. Bd3 Bd7 15. Qc2
g6 16. O-O Bg7 17. Rae1 Qe7 18. f3 Nxg3 19. Nxg3 Qh4 20. c5 Rac8 21. Qb3 Kh8
22. Ne4 Qe7 23. cxd6 cxd6 24. b5 Bf5 25. Qb4 Bxe4 26. Qxe4 Qf7 27. h4 Rc3 28.
g4 Qe7 29. h5 Rxa3 30. hxg6 Qh4 31. Re2 h6 32. Rc1 Qg3+ 33. Rg2 Qxf3 34. Qxf3
Rxf3 35. Bf5 Kg8 36. Rc8+ Bf8 37. Rc7 Bg7 38. Be6+ Kf8 39. Rgc2 Raxe3 40. Rf7+
Rxf7 41. Rc8+ Ke7 42. Rc7+ Kf6 43. gxf7 Bf8 44. Rxb7 Rg3+ 45. Kf2 Ra3 46. Ke2
a5 47. Ra7 a4 48. b6 Rb3 49. b7 a3 50. Ra8 Kg7 51. Bc8 a2 52. Rxa2 Kxf7 53. Ra8
Rb2+ 54. Kf3 1-0

[Event "Summer Cup"]
[Site "Wellington Chess Club"]
[Date "2023.03.30"]
[Round "7.5"]
[White "Sole, Michael"]
[Black "Keith, Matthew"]
[Result "1-0"]
[WhiteElo "2142"]
[BlackElo "1500"]

1. e4 c5 2. Nf3 d6 3. d4 cxd4 4. Nxd4 Nf6 5. Nc3 a6 6. Be3 Ng4 7. Bc1 Nf6 8.
Be2 e6 9. g4 h6 10. h4 b5 11. Bf3 Bb7 12. g5 hxg5 13. hxg5 Rxh1+ 14. Bxh1 Nfd7
15. g6 Qh4 16. gxf7+ Kxf7 17. Qf3+ Qf6 18. Be3 Qxf3 19. Nxf3 Be7 20. Ng5+ Bxg5
21. Bxg5 Nf6 22. a3 Nbd7 23. O-O-O Ke7 24. f4 e5 25. Bg2 exf4 26. Bxf4 Ne5 27.
Rd4 Rg8 28. a4 g5 29. Bh2 Rh8 30. Bg1 bxa4 31. Be3 Rh2 32. Bf1 g4 33. Rd1 Nxe4
34. Ne2 Nf2 35. Re1 Nf3 36. Bxf2 Rxf2 37. Rd1 Nh2 38. Ng3 Bf3 39. Re1+ Kf6 40.
Bxa6 Kg5 41. Bd3 Kf4 42. Nh5+ Kg5 43. Ng3 Rg2 44. Nh1 d5 45. Bb5 Be4 46. Bxa4
Nf3 47. Rf1 Rg1 48. Bb5 Rxf1+ 49. Bxf1 Nh2 50. Ng3 Kf4 51. Nh5+ Ke3 52. Ba6 Bg6
53. Nf6 g3 54. Nxd5+ Kf3 55. Nc3 Kf2 56. Nd1+ Kf3 57. Nc3 Ng4 58. Bb7+ Ke3 59.
Nd5+ Kf2 60. Nf4 Bf5 61. Kd2 Ne3 62. Nd3+ Bxd3 63. Kxd3 Ng4 64. Bh1 Ke1 65. Bg2
Kf2 66. Bh1 Nh2 67. b4 Nf3 68. b5 Ne1+ 69. Kd2 Kg1 70. Ba8 Kf2 71. b6 Nf3+ 72.
Bxf3 Kxf3 73. b7 g2 74. b8=Q g1=Q 75. Qf8+ Ke4 76. Qe7+ Kd5 77. Qd7+ Ke5 78.
Qc7+ Ke6 79. Qc4+ Ke5 80. Qe2+ Kf4 81. Qd3 Qg2+ 82. Kc3 Qb7 83. Qc4+ Ke5 84.
Qc5+ Ke6 85. Qe3+ Kd6 86. Qg3+ Ke6 87. Qg4+ Ke5 88. Qd4+ Ke6 89. Qc5 Qf3+ 90.
Kb4 Qb7+ $2 {90. ...Kd7} 91. Kc4 {91. Ka5} 91... Qe4+ 92. Kb5 Qh4 {90. ....Kd7}
93. Qc4+ Qxc4+ 94. Kxc4 Kd6 95. Kb5 Kc7 96. Kc5 Kb7 97. Kd6 Kb8 98. Kc6 Kc8 99.
c3 Kb8 100. c4 Kc8 101. c5 Kb8 102. Kd7 1-0

[Event "Summer Cup"]
[Site "Wellington Chess Club"]
[Date "2023.03.30"]
[Round "7.7"]
[White "Jackson, Ross"]
[Black "de Maupeou d'Ableiges, Alexandre"]
[Result "1-0"]
[WhiteElo "1885"]
[BlackElo "1699"]

1. d4 f5 2. c4 Nf6 3. Nc3 g6 4. g3 Bg7 5. Bg2 O-O 6. Nh3 d6 7. O-O c6 8. Bg5
Qe8 9. Qd2 Ne4 10. Nxe4 fxe4 11. Bh6 Qf7 12. Bxg7 Kxg7 13. b3 d5 14. f3 exf3
15. Rxf3 Qe8 16. Rxf8 Qxf8 17. Rf1 Qe8 18. cxd5 cxd5 19. Ng5 1-0

[Event "Summer Cup"]
[Site "Wellington Chess Club"]
[Date "2023.03.30"]
[Round "7.8"]
[White "Darr, Samuel"]
[Black "Thirkell, Zachary"]
[Result "1-0"]
[WhiteElo "1569"]
[BlackElo "1885"]

1. e4 c6 2. d4 d5 3. exd5 cxd5 4. Nf3 Bg4 5. h3 Bxf3 6. Qxf3 e6 7. c4 Nf6 8.
Nc3 Nc6 9. Be3 Be7 10. cxd5 exd5 11. Bb5 O-O 12. O-O a6 13. Ba4 Na5 14. Rfe1
Nc4 15. Rab1 Bb4 16. Bb3 Nxb2 17. Bc1 Nc4 18. Bxc4 Bxc3 19. Qxc3 dxc4 20. Rxb7
Qd5 21. Rb4 Rfe8 22. Rxe8+ Rxe8 23. Rxc4 h6 24. Be3 Ne4 25. Qd3 Re6 26. Rc8+
Kh7 27. f3 Qxa2 28. fxe4 Rg6 29. Rc2 Qb1+ 30. Kh2 Qb8+ 31. e5 a5 32. Ra2 Qb4
33. Bd2 Qb7 34. Bxa5 Qd5 35. Qd2 f6 36. Bc7 Rg5 37. Rc2 fxe5 38. dxe5 Qe4 39.
Qe2 Qf4+ 40. Kh1 Qf7 41. e6 Qe7 42. Bf4 Rg6 43. Rc6 Rf6 44. Qd3+ Rg6 45. Qd7
Qh4 46. Qc7 Qe1+ 47. Kh2 Rxe6 48. Rxe6 Qxe6 49. Be5 Qg8 50. Qc2+ Kh8 51. Qg6
Qf8 52. Qxh6+ Kg8 53. Qxg7+ Qxg7 54. Bxg7 Kxg7 55. Kg3 Kf6 56. Kf4 Kg6 57. g4
Kf6 58. g5+ Kg6 59. Kg4 Kh7 60. Kf5 Kg7 61. g6 Kg8 62. Kf6 Kf8 63. g7+ Kg8 64.
h4 1-0

[Event "Summer Cup"]
[Site "Wellington Chess Club"]
[Date "2023.03.30"]
[Round "7.9"]
[White "Frost, Paul"]
[Black "Aldridge, Alan"]
[Result "1/2-1/2"]
[WhiteElo "1799"]
[BlackElo "1760"]

1. Nf3 d5 2. g3 c5 3. Bg2 Nf6 4. O-O Nc6 5. b3 e6 6. Bb2 Bd6 7. d3 O-O 8. Nbd2
e5 9. e4 d4 10. h3 h6 11. Nh2 Nh7 12. f4 f5 13. Qe2 Bd7 14. Nc4 Bc7 15. fxe5
Nxe5 16. exf5 Nxc4 17. Bd5+ Kh8 18. dxc4 Bxg3 19. Rf3 Qc7 20. Qg2 Bxh2+ 21.
Qxh2 Qxh2+ 22. Kxh2 Bxf5 23. Rf2 Rae8 24. Bxb7 Be4 25. Rxf8+ Nxf8 26. Bxe4 Rxe4
27. Rg1 Ne6 28. Rg2 Ng5 29. Bc1 Nf3+ 30. Kg3 Ne5 31. Bf4 Nd7 32. Kf3 Re6 33.
Re2 Rxe2 34. Kxe2 Kh7 35. Kf3 g5 36. Bd6 h5 37. Ke4 Kg6 38. Kd5 Kf6 39. Kc6 Ke6
40. Bh2 g4 41. hxg4 hxg4 42. Kb7 Ne5 43. Kxa7 d3 44. cxd3 Nxd3 45. Kb6 Nc1 46.
Kxc5 Nxa2 47. b4 Kd7 48. b5 Kc8 49. Kb6 Nc3 50. c5 Ne2 51. c6 g3 52. Bxg3 Nxg3
53. c7 Nf5 54. Kc6 Ne7+ 55. Kd6 Nf5+ 56. Kc6 Ne7+ 57. Kb6 Nd5+ 58. Kc6 Nxc7 59.
b6 Na6 60. b7+ Kb8 61. Kb6 Nc7 1/2-1/2

[Event "Summer Cup"]
[Site "Wellington Chess Club"]
[Date "2023.03.30"]
[Round "7.10"]
[White "Benitez, Edgar"]
[Black "Brockway, Andrew"]
[Result "1-0"]
[WhiteElo "1930"]
[BlackElo "1662"]

1. d4 Nf6 2. Bf4 e6 3. Nd2 d5 4. Ngf3 c5 5. e3 Nc6 6. c3 Be7 7. Bd3 Nh5 8. Bg3
b6 9. Bb5 Bd7 10. Bxc6 Bxc6 11. Ne5 Nxg3 12. hxg3 Bd7 13. Qh5 g6 14. Qf3 Bf6
15. Nxd7 Kxd7 16. O-O-O cxd4 17. exd4 Qe7 18. Kb1 a5 19. c4 Bxd4 20. Nb3 Bc5
21. cxd5 e5 22. d6 Qe6 23. Nxc5+ bxc5 24. Qb7+ Kd8 25. Qxa8+ Qc8 26. Qxa5+ Kd7
27. Qa7+ 1-0

[Event "Summer Cup"]
[Site "Wellington Chess Club"]
[Date "2023.03.30"]
[Round "7.12"]
[White "Coates, Alex"]
[Black "Howe, Alexander"]
[Result "0-1"]
[WhiteElo "1718"]
[BlackElo "1546"]

1. d4 e6 2. c4 Nf6 3. Nc3 Bb4 4. Qc2 O-O 5. Bg5 h6 6. Bh4 c5 7. e3 cxd4 8. exd4
d5 9. a3 Bxc3+ 10. bxc3 Nbd7 11. Nf3 Qc7 12. c5 Ne4 13. Bg3 Nxg3 14. hxg3 Re8
15. Be2 e5 16. O-O e4 17. Nh2 Nf6 18. Bb5 Bd7 19. c4 Bxb5 20. cxb5 e3 21. Qf5
exf2+ 22. Qxf2 Ne4 23. b6 axb6 24. cxb6 Qxb6 25. Qxf7+ Kh8 26. Qxd5 Rad8 27.
Qf7 Qxd4+ 28. Kh1 Nxg3# 0-1

[Event "Summer Cup"]
[Site "Wellington Chess Club"]
[Date "2023.03.30"]
[Round "7.14"]
[White "Ulm, Joy"]
[Black "Sethuramalingam, Karthik"]
[Result "1-0"]
[WhiteElo "1654"]
[BlackElo "1415"]

1. d4 d5 2. c4 e6 3. Nc3 Be7 4. Nf3 Nf6 5. Bg5 h6 6. Bh4 Nbd7 7. e3 b6 8. cxd5
exd5 9. Rc1 Bb7 10. Bd3 c5 11. O-O O-O 12. Qc2 Ne4 13. Nxe4 Bxh4 14. Nxh4 Qxh4
15. Ng3 cxd4 16. Nf5 Qg5 17. Nxd4 Rac8 18. Qd2 Ne5 19. f4 Qf6 20. fxe5 Qxe5 21.
Rxc8 Bxc8 22. Nc6 Qc7 23. Rc1 Qb7 24. Qb4 Re8 25. Ne7+ Rxe7 26. Rxc8+ Qxc8 27.
Qxe7 Qc1+ 28. Kf2 Qxb2+ 29. Kf3 g6 30. Qd8+ Kg7 31. Qxd5 Qf6+ 32. Kg3 Qg5+ 33.
Qxg5 hxg5 34. Kf3 f5 35. g4 Kf6 36. gxf5 gxf5 37. a4 Ke5 38. Ke2 f4 39. Kf3
fxe3 40. Kxe3 Kd5 41. Kf3 Ke5 42. Kg4 Kf6 43. h3 a5 44. Bc2 Kg7 45. Kxg5 Kf7
46. Kf5 Kg7 47. Ke6 1-0

[Event "Summer Cup"]
[Site "Wellington Chess Club"]
[Date "2023.03.30"]
[Round "7.15"]
[White "Moses, Christopher"]
[Black "Scott, Callum"]
[Result "1-0"]
[WhiteElo "1000"]
[BlackElo "1621"]

1. e4 c5 2. c3 Nc6 3. d4 cxd4 4. cxd4 d5 5. exd5 Qxd5 6. Nf3 Bf5 7. Nc3 Qd7 8.
Bb5 a6 9. Ne5 Qe6 10. Bc4 Nxe5 11. Bxe6 Nd3+ 12. Ke2 fxe6 13. Qa4+ Kf7 14. Rd1
Nxc1+ 15. Raxc1 Nf6 16. Kf1 g5 17. d5 Bg7 18. dxe6+ Bxe6 19. Re1 b5 20. Qb4
Rhe8 21. Rxe6 Kxe6 22. Qb3+ Kf5 23. Qf7 Bh8 24. h3 g4 25. hxg4+ Kxg4 26. Re1
Rf8 27. Re4+ Nxe4 28. f3+ Kg5 29. Nxe4+ Kh6 30. Qxe7 Rg8 31. g4 Raf8 32. Qh4+
Kg6 33. Qh5+ Kg7 34. Ng5 h6 35. Ne6+ Kh7 36. Nxf8+ Rxf8 37. g5 Bg7 38. g6+ Kh8
39. b3 Rc8 40. Qf5 Rf8 41. Qd5 Rf6 42. Qe4 Bf8 43. f4 Rd6 44. Qe5+ Kg8 45. g7
Rd1+ 46. Ke2 Rd8 47. gxf8=Q+ Kxf8 48. Qf6+ 1-0

[Event "Summer Cup"]
[Site "Wellington Chess Club"]
[Date "2023.03.30"]
[Round "7.18"]
[White "Hooper, John"]
[Black "Katkodia, Ali"]
[Result "0-1"]
[WhiteElo "1244"]
[BlackElo "1843"]

1. e4 d6 2. d4 Nf6 3. Nc3 g6 4. Be2 Bg7 5. e5 dxe5 6. dxe5 Nfd7 7. Nf3 O-O 8.
Bf4 Nc6 9. Qd5 e6 10. Qe4 Nc5 11. Qe3 b6 12. a3 Ne7 13. O-O Nf5 14. Qd2 Qe7 15.
Rad1 Bb7 16. Nd4 Nxd4 17. Qxd4 Rad8 18. Qe3 Nd7 19. Nb5 a6 20. Nd4 c5 21. Nf3
Nb8 22. Bh6 Nc6 23. Bxg7 Kxg7 24. c3 b5 25. h3 c4 26. Rxd8 Rxd8 27. Rd1 Rd5 28.
Rxd5 exd5 29. Bd1 a5 30. Kf1 Bc8 31. Nh2 b4 32. cxb4 axb4 33. axb4 Nxb4 34. Ng4
Bxg4 35. Bxg4 Nd3 36. b3 Qb4 37. bxc4 dxc4 38. Bd1 Qb2 39. Qe2 Qd4 40. Bc2 Nxe5
41. Qe3 Qa1+ 42. Ke2 Qa5 43. Qd4 Kg8 44. f4 Qa2 45. fxe5 Qxc2+ 46. Kf1 c3 47.
Qd8+ Kg7 48. Qd4 Qf5+ 49. Ke1 Qb1+ 50. Ke2 Qb5+ 51. Kd1 Qf1+ 52. Kc2 Qxg2+ 53.
Kxc3 Qxh3+ 54. Kc4 Qe6+ 55. Kc3 h5 56. Kd3 Kh6 57. Qe3+ g5 58. Qd4 h4 59. Qd6
h3 60. Qf8+ Kh5 61. Qh8+ Kg4 62. Ke4 Qg6+ 63. Kd4 Kg3 64. Qb8 Qe6 65. Qb2 Kh4
66. Qf2+ Kh5 67. Qf1 g4 68. Ke4 h2 69. Qg2 Qc6+ 0-1

[Event "Summer Cup"]
[Site "Wellington Chess Club"]
[Date "2023.03.30"]
[Round "7.19"]
[White "Keay, Matt"]
[Black "Osborne, Geoff"]
[Result "0-1"]
[WhiteElo "1757"]
[BlackElo "1468"]

1. e4 c5 2. Nf3 d6 3. d4 cxd4 4. Nxd4 Nf6 5. Nc3 g6 6. Bg5 Bg7 7. Qd2 O-O 8.
Be2 Nc6 9. Nxc6 bxc6 10. O-O-O Rb8 11. f3 Be6 12. Bh6 Bxh6 13. Qxh6 Qa5 14. g4
Bxa2 15. Nxa2 Qxa2 16. b3 Qa1+ 17. Kd2 Qa5+ 18. Kc1 Qc3 19. h4 Rxb3 20. Rd3
Qa1+ 21. Kd2 Rxd3+ 0-1

[Event "Summer Cup"]
[Site "Wellington Chess Club"]
[Date "2023.03.30"]
[Round "7.20"]
[White "Sova, Leo"]
[Black "Marney, John"]
[Result "1-0"]
[WhiteElo "1000"]
[BlackElo "1689"]

1. e4 e5 2. Nf3 Nc6 3. Bc4 Bc5 4. Nc3 Nf6 5. d3 h6 6. O-O d6 7. h3 Be6 8. Nd5
Ne7 9. Nxf6+ gxf6 10. Bb3 Qd7 11. d4 Bb6 12. Bxe6 fxe6 13. c3 O-O-O 14. b4 Rdg8
15. a4 c6 16. a5 Bc7 17. Nh2 f5 18. f3 h5 19. h4 Ng6 20. Bg5 Qg7 21. Qd2 f4 22.
Kh1 Bd8 23. Bxd8 Rxd8 24. Qf2 Rhg8 25. Ra2 Kb8 26. g3 fxg3 27. Qxg3 exd4 28.
cxd4 Qxd4 29. Rb1 Ne5 30. Qe1 Ng6 31. Rd1 Qf6 32. Rg2 Nxh4 33. Rxg8 Rxg8 34.
Qd2 d5 35. exd5 Nxf3 36. Qf2 Rf8 37. Rf1 Qg6 38. Nxf3 Qe4 39. Qh2+ Kc8 40. Qxh5
exd5 41. Qh3+ Kc7 42. Qg3+ Kc8 43. Kg2 d4 44. Qh3+ Kc7 45. Qg3+ Kc8 46. Re1
Qc2+ 47. Qf2 Qg6+ 48. Qg3 Qc2+ 49. Kg1 1-0

[Event "Summer Cup"]
[Site "Wellington Chess Club"]
[Date "2023.03.30"]
[Round "7.21"]
[White "Ashe, Michael"]
[Black "Henrys, Francis"]
[Result "1-0"]
[WhiteElo "1659"]
[BlackElo "1000"]

1. d4 d5 2. c4 c5 3. cxd5 Qxd5 4. Nf3 Nc6 5. Nc3 Qd8 6. d5 Na5 7. e4 e6 8. Bb5+
Bd7 9. dxe6 fxe6 10. Bxd7+ Qxd7 11. Qxd7+ Kxd7 12. Ne5+ Ke8 13. O-O Rd8 14. Bg5
Nf6 15. Rad1 Bd6 16. Nf3 e5 17. Bxf6 gxf6 18. Nb5 Bb8 19. Rxd8+ Kxd8 20. Rd1+
Ke7 21. Nh4 a6 22. Nc3 b5 23. b3 Nc6 24. Nf5+ Ke6 25. Ng7+ Ke7 26. Nf5+ Ke8 27.
Ng7+ Kf7 28. Rd7+ Kg6 29. Nf5 Nd4 30. Rg7+ Kh5 31. g4# 1-0

[Event "Summer Cup"]
[Site "Wellington Chess Club"]
[Date "2023.03.30"]
[Round "7.22"]
[White "Farrington, Lawrence"]
[Black "Evans, Oliver"]
[Result "1-0"]
[WhiteElo "1569"]
[BlackElo "1641"]

1. e4 e5 2. Nf3 Nc6 3. Nc3 Nf6 4. Bb5 d6 5. d4 exd4 6. Nxd4 Bd7 7. Nxc6 Bxc6 8.
Bxc6+ bxc6 9. Qe2 Be7 10. Bf4 O-O 11. O-O Nd7 12. Rab1 g5 13. Bg3 h6 14. Nd1
Nc5 15. f3 h5 16. Ne3 h4 17. Bf2 Ne6 18. Nf5 Nf4 19. Nxe7+ Qxe7 20. Qc4 Qe6 21.
Qxe6 fxe6 22. Rfe1 Kg7 23. Rbd1 e5 24. b4 Rf6 25. c4 h3 26. gxh3 Nxh3+ 27. Kg2
Nxf2 28. Kxf2 Raf8 29. Rd3 g4 30. Rg1 Rg6 31. Rg3 Rh8 32. Kg1 Rh4 33. fxg4
Rgxg4 34. Rxg4+ Rxg4+ 35. Rg3 Rxg3+ 36. hxg3 a6 37. Kf2 Kg6 38. a4 Kg5 39. a5
Kf6 40. b5 cxb5 41. cxb5 axb5 42. a6 c5 43. a7 Ke6 44. a8=Q b4 45. Qd5+ Kd7 46.
g4 1-0

[Event "Summer Cup"]
[Site "Wellington Chess Club"]
[Date "2023.03.30"]
[Round "7.23"]
[White "Asher, Bruce"]
[Black "Krause, Dawid"]
[Result "1-0"]
[WhiteElo "1064"]
[BlackElo "1500"]

1. d4 e6 2. e3 b6 3. Nf3 Bb7 4. b3 Nf6 5. Nc3 Bb4 6. Bd2 Qe7 7. Bd3 Na6 8. h3
c5 9. Qe2 cxd4 10. exd4 Nc7 11. O-O O-O 12. Ne4 Bxd2 13. Nxf6+ Qxf6 14. Nxd2
Nd5 15. Ne4 Qxd4 16. Ng5 Nf6 17. Nf3 Qc5 18. Rfd1 Rad8 19. Rd2 Rfe8 20. Qd1 Re7
21. a4 Ne4 22. Bxe4 Bxe4 23. Ng5 Qxg5 24. f3 Bf5 25. Rd4 Bxh3 26. Rd2 d5 27.
Kh2 Bf5 28. g4 Bg6 29. Rf2 Rc7 30. Kg3 Rc3 31. Rh2 e5 32. Qe1 Qf4+ 33. Kh4
Qxh2+ 34. Kg5 h6# 1-0

[Event "Summer Cup"]
[Site "Wellington Chess Club"]
[Date "2023.03.30"]
[Round "7.24"]
[White "He, Jacob"]
[Black "Hill, Matthew"]
[Result "0-1"]
[WhiteElo "1300"]
[BlackElo "1000"]

1. e4 c5 2. Nf3 Nc6 3. Nc3 d6 4. Bc4 e6 5. d3 h6 6. Bf4 e5 7. Be3 Nf6 8. O-O
Bd7 9. h3 Qc8 10. h4 Bg4 11. g3 Bh3 12. Re1 Nh5 13. d4 Qg4 14. Bf1 Nxg3 15. Nh2
Ne2+ 0-1

[Event "Summer Cup"]
[Site "Wellington Chess Club"]
[Date "2023.03.30"]
[Round "7.25"]
[White "Sellen, Ian"]
[Black "Hupert, Leo"]
[Result "1-0"]
[WhiteElo "2072"]
[BlackElo "1326"]

1. c4 Nf6 2. g3 e5 3. Bg2 c6 4. d4 e4 5. d5 Qa5+ 6. Bd2 Qc5 7. dxc6 Nxc6 8. b3
Qd4 9. Nc3 Ng4 10. e3 Qd3 11. Bxe4 Qd6 12. Qxg4 Qf6 13. Qf4 Be7 14. Rc1 Qxf4
15. gxf4 Ba3 16. Rd1 O-O 17. Nge2 Ne7 18. Nb5 Bd6 19. Nxd6 f5 20. Bf3 Ng6 21.
Ng3 Nh4 22. Bd5+ Kh8 23. Bc3 h6 24. Nh5 Kh7 25. Bxg7 Rd8 26. Rg1 Ng6 27. Nxf5
d6 28. Nf6# 1-0

[Event "Summer Cup"]
[Site "Wellington Chess Club"]
[Date "2023.03.30"]
[Round "7.27"]
[White "Hall, Corey"]
[Black "Fairbrother, Rebecca"]
[Result "1-0"]
[WhiteElo "1000"]
[BlackElo "1000"]

1. d4 d5 2. c4 Nf6 3. Nc3 Nc6 4. cxd5 Nxd5 5. e4 Nxc3 6. bxc3 e6 7. Nf3 a5 8.
a4 b6 9. Bd3 Be7 10. e5 O-O 11. h4 f6 12. Ba3 fxe5 13. dxe5 Nxe5 14. Bxe7 Qxe7
15. Nxe5 Qc5 16. Qe2 Qxc3+ 17. Kf1 Qxa1+ 18. Qe1 Qxa4 19. g4 Bb7 20. Rg1 Rf4
21. h5 Raf8 22. Rg3 b5 23. g5 Qd4 24. Bxh7+ Kxh7 25. g6+ Kg8 26. Nd3 Rh4 27.
Qxe6+ Kh8 28. Rh3 Bd5 29. Rxh4 Bxe6 30. Rxd4 a4 31. Nc5 Bh3+ 32. Kg1 a3 33. Nb3
Rf5 34. Rd8+ Rf8 35. Rxf8# 1-0

[Event "Summer Cup"]
[Site "Wellington Chess Club"]
[Date "2023.04.06"]
[Round "8.1"]
[White "Croad, Nicolas"]
[Black "Winsley, Nicholas"]
[Result "0-1"]
[WhiteElo "2442"]
[BlackElo "1942"]
[PlyCount "82"]
[EventDate "2023.02.09"]

1. e4 c5 2. Nf3 Nc6 3. Bb5 d6 4. O-O Bd7 5. c3 Nf6 6. Re1 a6 7. Bf1 e5 8. d3
Be7 9. h3 O-O 10. Be3 d5 11. Bg5 d4 12. Nbd2 h6 13. Bh4 Nh5 14. Bxe7 Qxe7 15.
Nxd4 cxd4 16. Qxh5 dxc3 17. bxc3 Qa3 18. Rec1 b5 19. Be2 Rac8 20. Nf3 Nd4 21.
Nxd4 exd4 22. c4 bxc4 23. dxc4 Be6 24. c5 d3 25. Qf3 Rfd8 26. Rd1 $4 dxe2 27.
Rxd8+ Rxd8 28. Qxa3 Rd1+ 29. Rxd1 exd1=Q+ 30. Kh2 Qe2 31. Qb4 Qc4 32. a3 Qxb4
33. axb4 Kf8 34. Kg3 Ke7 35. Kf4 Kd7 36. Ke5 Kc6 37. Kd4 Kb5 38. Kc3 g5 39. g3
Bxh3 40. f4 gxf4 41. gxf4 Bc8 0-1

[Event "Summer Cup"]
[Site "Wellington Chess Club"]
[Date "2023.04.06"]
[Round "8.2"]
[White "Winter, Ryan"]
[Black "Van der Hoorn, Thomas"]
[Result "1/2-1/2"]
[WhiteElo "2209"]
[BlackElo "2068"]

1. d4 Nf6 2. c4 e6 3. Nf3 d5 4. Nc3 Be7 5. Bg5 h6 6. Bh4 O-O 7. e3 b6 8. cxd5
Nxd5 9. Bxe7 Qxe7 10. Nxd5 exd5 11. Rc1 Be6 12. Qa4 c5 13. Qa3 Nd7 14. Bb5 Rac8
15. O-O Rfd8 16. Ne1 Qf6 17. dxc5 bxc5 18. Nd3 c4 19. Bxd7 Rxd7 20. Nf4 Rb8 21.
b3 cxb3 22. axb3 d4 23. Nxe6 Qxe6 24. exd4 Qxb3 25. Qa1 Rbd8 26. Rc3 Qb4
1/2-1/2

[Event "Summer Cup"]
[Site "Wellington Chess Club"]
[Date "2023.04.06"]
[Round "8.3"]
[White "Ker, Anthony"]
[Black "Cilia Vincenti, David"]
[Result "1-0"]
[WhiteElo "2425"]
[BlackElo "2136"]

1. e4 c5 2. Nc3 e6 3. Nf3 d5 4. exd5 exd5 5. Bb5+ Nc6 6. d4 Nf6 7. O-O h6 8.
Re1+ Be6 9. Ne5 Qc8 10. Ng4 Nxg4 11. Qxg4 Kd8 12. Qd1 Nxd4 13. Nxd5 Bd6 14. Bc4
b5 15. Bb3 Qd7 16. Bf4 Bxf4 17. Nxf4 c4 18. c3 cxb3 19. cxd4 bxa2 20. d5 Bf5
21. Rxa2 g5 22. Qd4 Re8 23. Qf6+ Kc7 24. Rc1+ Kb7 25. Qa6+ Kb8 26. Ra5 1-0

[Event "Summer Cup"]
[Site "Wellington Chess Club"]
[Date "2023.04.06"]
[Round "8.4"]
[White "Jackson, Ross"]
[Black "Young, Cohen"]
[Result "1/2-1/2"]
[WhiteElo "1885"]
[BlackElo "1994"]

1. d4 Nf6 2. c4 e6 3. Nf3 d5 4. Nc3 dxc4 5. e3 c5 6. Bxc4 a6 7. a4 Nc6 8. O-O
Be7 9. b3 O-O 10. Bb2 cxd4 11. exd4 Nb4 12. Qe2 b6 13. Rad1 Nbd5 14. Ne5 Bb7
15. f4 Rc8 16. Nxd5 Nxd5 17. Rc1 Nb4 18. f5 exf5 19. Rxf5 Bd5 20. Nd3 Bxc4 21.
Rxc4 Nxd3 22. Qxd3 Bf6 23. Rf1 Qd5 24. Bc3 b5 25. axb5 Qxb5 26. Rxc8 Rxc8 27.
Rd1 Qd5 28. Bb4 g6 29. Bc5 Ra8 30. Qf3 Qxf3 31. gxf3 Rd8 32. b4 Kg7 33. Kf2 Be5
34. h3 Rd5 35. Ke3 f5 36. Ra1 Bb8 37. Rxa6 Bc7 38. Ra7 Rd7 39. d5 Rf7 40. d6
Bd8 41. Ra8 Rd7 42. Rb8 Bf6 43. Rb5 Be5 44. Rb6 g5 45. Rc6 Kf6 46. b5 Ke6 47.
b6 h5 48. Rc7 Bxd6 49. Bxd6 (49. Rc6 Kd5 50. Rxd6+ Rxd6 51. b7) 49... Kxd6 50.
Rc8 Rb7 51. Rg8 g4 52. fxg4 fxg4 53. hxg4 hxg4 54. Rxg4 1/2-1/2

[Event "Summer Cup"]
[Site "Wellington Chess Club"]
[Date "2023.04.06"]
[Round "8.5"]
[White "Keith, Matthew"]
[Black "Dive, Russell"]
[Result "0-1"]
[WhiteElo "1500"]
[BlackElo "2350"]

1. e4 Nf6 2. e5 Nd5 3. d4 d6 4. Nf3 Bg4 5. Be2 e6 6. O-O Be7 7. h3 Bh5 8. c4
Nb6 9. Be3 O-O 10. exd6 cxd6 11. b3 Nc6 12. Nc3 d5 13. c5 Bxf3 14. Bxf3 Nc8 15.
Rb1 a5 16. a3 Bf6 17. b4 axb4 18. axb4 N8e7 19. b5 Na5 20. Be2 Nf5 21. Bd3 Nxe3
22. fxe3 g6 23. Qf3 Bg7 24. Rb2 Qe7 25. Ra1 Nc4 26. Rxa8 Nxb2 27. Rxf8+ Qxf8
28. Bf1 Qa8 29. Qf2 Qa3 30. Nb1 Qa1 31. Qc2 Nc4 32. Bxc4 dxc4 33. c6 bxc6 34.
bxc6 Qa6 35. Qe4 Bf8 36. Nd2 c3 37. Nf1 Qc4 38. Qc2 Bd6 39. Kf2 Qxc6 40. Nd2 f5
41. Nb3 Qc4 42. Nd2 Qb4 43. Nb1 Qb2 44. Qxb2 cxb2 45. Ke2 Kg7 46. Kd3 Kh6 47.
e4 Kg5 48. e5 Be7 49. Ke3 Kh4 50. Kf3 Bb4 51. Kf4 g5+ 52. Kf3 h5 53. d5 exd5
54. e6 d4 55. Kf2 g4 56. hxg4 hxg4 57. Kf1 Kg3 58. Kg1 d3 0-1

[Event "Summer Cup"]
[Site "Wellington Chess Club"]
[Date "2023.04.06"]
[Round "8.6"]
[White "Forster, Bill"]
[Black "Frost, Paul"]
[Result "1-0"]
[WhiteElo "2053"]
[BlackElo "1799"]

1. Nf3 f5 2. d4 Nf6 3. c4 e6 4. g3 c5 5. Bg2 cxd4 6. Nxd4 Nc6 7. O-O Bc5 8. e3
Nxd4 9. exd4 Be7 10. Re1 O-O 11. b3 Rb8 12. Nc3 b6 13. Bb2 Bb7 14. Bxb7 Rxb7
15. Qf3 Qc8 16. d5 Rb8 17. Rad1 Bb4 18. a3 Bxc3 19. Qxc3 exd5 20. Rxd5 g6 21.
Rd6 Re8 22. Rxf6 Rxe1+ 23. Qxe1 b5 24. Qe5 bxc4 25. Rxg6+ 1-0

[Event "Summer Cup"]
[Site "Wellington Chess Club"]
[Date "2023.04.06"]
[Round "8.7"]
[White "Perrin, Brent"]
[Black "Benitez, Edgar"]
[Result "0-1"]
[WhiteElo "1960"]
[BlackElo "1930"]

1. e4 d6 2. d4 Nf6 3. Nc3 g6 4. Be3 Bg7 5. Qd2 c6 6. h4 h5 7. Bd3 b5 8. Nh3 Ng4
9. O-O-O Qa5 10. Kb1 Nd7 11. f4 b4 12. Ne2 c5 13. Rhf1 Nb6 14. f5 c4 15. fxg6
fxg6 16. Nhf4 cxd3 17. Qxd3 Ba6 18. Qd2 Nc4 19. Qc1 Ncxe3 20. Ne6 Rg8 21. N2f4
Bxf1 22. Rxf1 Rc8 23. Rf3 b3 24. axb3 Rxc2 25. Qg1 Qd2 0-1

[Event "Summer Cup"]
[Site "Wellington Chess Club"]
[Date "2023.04.06"]
[Round "8.8"]
[White "Hampshire, Thomas"]
[Black "Aldridge, Alan"]
[Result "0-1"]
[WhiteElo "1522"]
[BlackElo "1760"]

1. e4 e5 2. Nf3 Nc6 3. Bb5 d6 4. d4 exd4 5. Nxd4 Bd7 6. Nc3 Nxd4 7. Bxd7+ Qxd7
8. Qxd4 Nf6 9. Bg5 Be7 10. f3 a6 11. O-O-O h6 12. Bh4 O-O 13. e5 Ne8 14. Bxe7
Qxe7 15. f4 dxe5 16. fxe5 c6 17. h4 Nc7 18. g4 Nb5 19. Qe3 Rfe8 20. Rde1 Nxc3
21. Qxc3 Rad8 22. Qg3 Qe6 23. Kb1 Rd5 24. g5 Rxe5 25. Rxe5 Qxe5 26. Qxe5 Rxe5
27. gxh6 gxh6 28. b3 f5 29. Kb2 Kf7 30. Kc3 Kf6 31. a4 f4 32. Rh3 Re3+ 33. Rxe3
fxe3 34. Kd3 0-1

[Event "Summer Cup"]
[Site "Wellington Chess Club"]
[Date "2023.04.06"]
[Round "8.9"]
[White "Qu, Lucas"]
[Black "Ulm, Joy"]
[Result "1-0"]
[WhiteElo "1358"]
[BlackElo "1654"]

1. e4 e5 2. Nf3 Nc6 3. Bb5 f5 4. Bxc6 dxc6 5. d3 Bd6 6. Nc3 Nf6 7. a3 Be6 8.
Ng5 Bd7 9. exf5 Bxf5 10. h3 Qe7 11. g4 Bg6 12. Nge4 O-O-O 13. Bg5 Rdf8 14. Qe2
h5 15. O-O-O hxg4 16. hxg4 Qe6 17. Nxf6 gxf6 18. Bh6 Rf7 19. f4 f5 20. g5 Re8
21. Rhe1 Rfe7 22. fxe5 Bxe5 23. Kb1 Qf7 24. Qg2 f4 25. Rf1 Bh5 26. Rde1 Bxc3
27. Rxe7 Rxe7 28. bxc3 f3 29. Qf2 Re2 30. Qxa7 f2 31. Kb2 Qf3 32. Qd4 Qg2 33.
g6 Bxg6 34. Rd1 f1=Q 35. Rxf1 Qxf1 36. Qg4+ Bf5 37. Qg8+ Kd7 38. Qg7+ Re7 39.
Qd4+ Ke6 40. Qc4+ Kf6 41. Qd4+ Kg6 42. Qh4 Qe1 43. Qg5+ Kh7 44. Qf6 Qe5 45. Qh4
Kg8 46. Bg5 Rh7 47. Bh6 Kf7 48. Qh5+ Bg6 49. Qxe5 Rxh6 50. Qxc7+ Ke6 51. Qxb7
Be8 52. a4 Rh5 53. Ka3 Rc5 54. Qb4 1-0

[Event "Summer Cup"]
[Site "Wellington Chess Club"]
[Date "2023.04.06"]
[Round "8.10"]
[White "Howe, Alexander"]
[Black "Saglam, Yigit"]
[Result "1/2-1/2"]
[WhiteElo "1556"]
[BlackElo "1000"]

1. e4 c6 2. d4 d5 3. f3 dxe4 4. fxe4 e5 5. Nf3 exd4 6. Bc4 Be6 7. Bxe6 fxe6 8.
O-O c5 9. Ng5 Nh6 10. Nxe6 Qe7 11. Nf4 Nf7 12. Nd5 Qd7 13. Bf4 Na6 14. c4 O-O-O
15. Re1 g5 16. Bg3 Bg7 17. Na3 Be5 18. Qb3 h5 19. Bxe5 Nxe5 20. Nb5 Kb8 21. Qg3
Qg7 22. h4 g4 23. Rf1 Rhf8 {(24. Rf6 +-)} 1/2-1/2